[Event "Ambalangoda Dhamso op 8th"]
[Site "Ambalangoda"]
[Date "2018.04.21"]
[Round "6"]
[White "De Silva, SS Gayashan"]
[Black "Shankar, Kuldeep"]
[Result "1-0"]
[WhiteElo "1382"]
[BlackElo "1641"]
[PlyCount "55"]
[EventDate "2018.04.19"]
[EventType "swiss"]
[EventRounds "9"]
[EventCountry "SRI"]
[SourceTitle "CBM 184 Extra"]
[Source "ChessBase"]
[SourceDate "2018.06.28"]
[SourceVersion "1"]
[SourceVersionDate "2018.06.28"]
[SourceQuality "1"]

1. d4 d5 2. c4 e5 3. dxe5 d4 4. Nf3 Nc6 5. Bf4 Nge7 6. Nbd2 Ng6 7. Bg5 Be7 8. Bxe7 Qxe7 9. Nb3 Bg4 10. Nbxd4 0-0-0 11. Qd3 Qb4+ 12. Qc3 Nxd4 13. Nxd4 Qc5 14. e3 Nxe5 15. h3 Bh5 16. g4 Bg6 17. 0-0-0 Be4 18. Rg1 Nf3 19. Rg3 Ne5 20. f4 Nc6 21. Bg2 Nb4 22. Qb3 Bxg2 23. Rxg2 Qe7 24. Rgd2 g6 25. a3 Na6 26. Nb5 Kb8 27. Qc3 c6 28. Qe5+ 1-0